The Teaching profession / (Record no. 17995)
[ view plain ]
| 000 -LEADER | |
|---|---|
| fixed length control field | 00644nam a22002417a 4500 |
| 003 - CONTROL NUMBER IDENTIFIER | |
| control field | OSt |
| 005 - DATE AND TIME OF LATEST TRANSACTION | |
| control field | 20151104113519.0 |
| 008 - FIXED-LENGTH DATA ELEMENTS--GENERAL INFORMATION | |
| fixed length control field | 130207t xxu||||| |||| 00| 0 eng d |
| 020 ## - INTERNATIONAL STANDARD BOOK NUMBER | |
| International Standard Book Number | 9716856736 |
| 050 ## - LIBRARY OF CONGRESS CALL NUMBER | |
| Classification number | LB 1775 |
| Item number | .B595 2006 |
| 245 ## - TITLE STATEMENT | |
| Title | The Teaching profession / |
| Statement of responsibility, etc | Purita P. Bilbao, Ed. D. ... [et. al.] |
| 260 ## - PUBLICATION, DISTRIBUTION, ETC. (IMPRINT) | |
| Place of publication, distribution, etc | Quezon City : |
| Name of publisher, distributor, etc | Lorimar Publishing, |
| Date of publication, distribution, etc | 2006. |
| 300 ## - PHYSICAL DESCRIPTION | |
| Extent | 253 p. : |
| Dimensions | 25 cm. |
| Other physical details | ill. ; |
| 650 ## - SUBJECT ADDED ENTRY--TOPICAL TERM | |
| Topical term or geographic name as entry element | Teaching |
| General subdivision | Philippines. |
| 650 ## - SUBJECT ADDED ENTRY--TOPICAL TERM | |
| Topical term or geographic name as entry element | Education |
| 650 ## - SUBJECT ADDED ENTRY--TOPICAL TERM | |
| Topical term or geographic name as entry element | Teaching |
| General subdivision | Profession. |
| 942 ## - ADDED ENTRY ELEMENTS (KOHA) | |
| Source of classification or shelving scheme | Library of Congress Classification |
| Koha item type | Books |
| Call number prefix | Local |
| Withdrawn status | Lost status | Source of classification or shelving scheme | Damaged status | Home library | Current library | Shelving location | Date acquired | Source of acquisition | Total Checkouts | Full call number | Barcode | Date last seen | Copy number | Price effective from | Koha item type | Total Renewals | Date checked out |
|---|---|---|---|---|---|---|---|---|---|---|---|---|---|---|---|---|---|
| Library of Congress Classification | College Library | College Library | Filipiniana Section | 11/27/2013 | Donation | LB 1775 .B595 2006 | C14710 | 05/08/2018 | 1 | 11/27/2013 | Books | ||||||
| Library of Congress Classification | College Library | College Library | Filipiniana Section | 11/27/2013 | Donation | 1 | LB 1775 .B595 2006 | C10815 | 06/02/2025 | 2 | 11/27/2013 | Books | 1 | 03/04/2025 | |||
| Library of Congress Classification | College Library | College Library | Filipiniana Section | 11/27/2013 | Donation | 1 | LB 1775 .B595 2006 | C10816 | 05/08/2018 | 3 | 11/27/2013 | Books | 08/03/2015 | ||||
| Library of Congress Classification | College Library | College Library | Filipiniana Section | 11/27/2013 | Donation | 2 | LB 1775 .B595 2006 | C10818 | 05/08/2018 | 4 | Books | 13 | 07/20/2015 | ||||
| Library of Congress Classification | College Library | College Library | Filipiniana Section | 11/27/2013 | Donation | LB 1775 .B595 2006 | C10817 | 05/08/2018 | 5 | 11/27/2013 | Books |